00605pam a2200169 a 4500020002100000040000800021082002600029245003600055260005700091300006100148520014800209650001800357650001200375650001200387650001800399700001800417 a0761402543 (set) cDLC00a574 MAR 1996 A023 Or.00aEncyclopedia of life sciences / aTarrytown, N.Y. :bMarshall Cavendish Corp.,cc1996. a11 v. (1584 p.) :bill. (some col.), col. maps ;c31 cm. aAn encyclopedia covering the disciplines of zoology, botany, evolutionary science, medicine, physiology, human anatomy, cytology, and genetics. 0aLife sciences 0aBiology 1aBiology 1aLife sciences1 aO'Daly, Anne,